Dynamical systems: Differential equations maps and chaotic behaviour (Record no. 78791)

MARC details
000 -LEADER
fixed length control field 00421nam a2200157Ia 4500
008 - FIXED-LENGTH DATA ELEMENTS--GENERAL INFORMATION
fixed length control field 230917s9999||||xx |||||||||||||| ||und||
020 ## - ISBN
Price PON17.99
040 ## - CATALOGING SOURCE
-- 23766
Original cataloging agency VIVEKANANDA LIBRARY
041 ## - Language
-- English
082 ## - DDC NUMBER
Classification number 515.35 A69P
100 ## - MAIN ENTRY--PERSONAL NAME
Personal name Ammwsmith, D K
245 #0 - TITLE STATEMENT
Title Dynamical systems: Differential equations maps and chaotic behaviour
260 ## - PUBLICATION, DISTRIBUTION, ETC. (IMPRINT)
Place of publication, distribution, etc London
Name of publisher, distributor, etc Chapman & Hall
Date of publication, distribution, etc 1992
300 ## - PHYSICAL DESCRIPTION
Pages xix, 330 p.
942 ## - ADDED ENTRY ELEMENTS (KOHA)
Koha item type Books
Holdings
Withdrawn status Lost status Damaged status Not for loan Location (home branch) Sublocation or collection (holding branch) Date acquired Koha issues (times borrowed) Koha full call number Accession No. Koha date last seen Koha item type
        VIVEKANANDA LIBRARY VIVEKANANDA LIBRARY 08/08/2002   515.35 A69P 154914 17/09/2023 Books
© Designed and Maintained by Vivekananda Library, MDU Rohtak